GRECIA: EL PAIS Y EL PUEBLO DE LOS ANTIGUOS HELENOS/

TRADUCCION DE: HELLAS

保存先:
書誌詳細
第一著者: Nack, Emil (autor)
その他の著者: Wagner, Wilhelm (autor) (autor)
フォーマット: 図書
主題:
タグ: タグ追加
タグなし, このレコードへの初めてのタグを付けませんか!

MARC

LEADER 00000nam^a2200000^a^4500
001 000226161
005 20250521000000.0
009 20260310104155.247
035 |a 044948 
037 |a Acervo Xavier Clavigero 
082 |a 938. NAC 
100 |a Nack, Emil  |e (autor) 
245 1 0 |a GRECIA:  |b EL PAIS Y EL PUEBLO DE LOS ANTIGUOS HELENOS/  |c EMIL NACK, WILHELM WAGNER; TR. FRANCISCO PAYAROLS 
264 |a BARCELONA :  |b LABOR,  |c 1960 
300 |a 468p. :  |b retrs. 
336 |a texto  |b txt  |2 rdacontenido 
337 |a sin mediación  |b n  |2 rdamedio 
338 |a volumen  |b nc  |2 rdasoporte 
520 |a TRADUCCION DE: HELLAS 
649 |a XX 
650 |a Grecia -  |x Historia Antigua 
650 |a Grecia -  |x Historia Antigua 
700 |a Wagner, Wilhelm  |e (autor) 
910 |a Fondo General 
920 |a Impresos - Libros 
930 |a Colección General 
905 |a 101 
901 |a 044948  |b IT1  |c ACC  |i 044948  |u 20250521 
902 |a https://opac.biblio.iteso.mx/vufind/Record/000226161